| 000 | 00762cam a22002532 4500 | ||
|---|---|---|---|
| 001 | 0000002496 | ||
| 005 | 20151217151855.0 | ||
| 008 | 070412s xx 000 0 eng d | ||
| 020 | _a0256168644 (V. 1) : | ||
| 020 | _a0256168679 (V. 2) | ||
| 040 |
_aKABU _cKABU |
||
| 050 | 0 |
_aHF5635 _b.D985 1998 |
|
| 100 | 1 |
_aDyckman, Thomas R. _@0000151861 |
|
| 245 | 1 | 0 |
_aIntermediate accounting / _cThomas R. Dyckman, Roland E. Dukes, Charles J. Davis. |
| 250 | _a4th ed. | ||
| 260 |
_aBoston : _bIrwin, _c1998. |
||
| 300 | _a2 v. | ||
| 650 | 0 |
_aAccounting. _@0000148321 |
|
| 700 | 1 |
_aDukes, Roland E. _@0000151862 |
|
| 700 | 1 |
_aDavis, Charles J. _@0000151866 |
|
| 908 | _a070412 | ||
| 950 | _@1 | ||
| 999 |
_c5883 _d5883 |
||